[Event "WCO 2016"]
[Site "?"]
[Date "2016.09.13"]
[Round "11"]
[Board "29"]
[WhiteID "4402618"]
[White "Franco Valencia Beatriz Irene"]
[BlackID "3409414"]
[Black "Abarca Gonzalez Damaris"]
[Result "1-0"]
[BlackElo "2092"]
[WhiteElo "2183"]
[LiveChessVersion "1.4.8"]

1. d4 {[%clk 1:30:56]} d5 {[%clk 1:30:51]} 2. c4 {[%clk 1:31:21]} c6
{[%clk 1:31:10]} 3. Nc3 {[%clk 1:31:44]} dxc4 {[%clk 1:31:16]} 4. e4
{[%clk 1:31:54]} b5 {[%clk 1:31:38]} 5. a4 {[%clk 1:32:18]} b4 {[%clk 1:31:59]}
6. Nce2 {[%clk 1:32:44]} Ba6 {[%clk 1:32:15]} 7. Ng3 {[%clk 1:32:17]} e6
{[%clk 1:31:47]} 8. Nf3 {[%clk 1:31:30]} c5 {[%clk 1:31:35]} 9. Be3
{[%clk 1:22:58]} cxd4 {[%clk 1:31:34]} 10. Nxd4 {[%clk 1:23:21]} Nd7
{[%clk 1:31:33]} 11. Nb5 {[%clk 1:18:15]} Bxb5 {[%clk 1:30:23]} 12. axb5
{[%clk 1:17:22]} Bc5 {[%clk 1:30:45]} 13. Bxc5 {[%clk 1:16:01]} Nxc5
{[%clk 1:31:05]} 14. Qxd8+ {[%clk 1:15:54]} Kxd8 {[%clk 1:31:20]} 15. Bxc4
{[%clk 1:16:14]} Nf6 {[%clk 1:28:19]} 16. O-O {[%clk 1:12:01]} Nfxe4
{[%clk 1:14:04]} 17. Nxe4 {[%clk 1:12:27]} Nxe4 {[%clk 1:14:24]} 18. b6
{[%clk 1:12:45]} Nd6 {[%clk 1:05:18]} 19. Be2 {[%clk 1:12:58]} a5
{[%clk 1:04:24]} 20. Bf3 {[%clk 1:10:33]} Ra6 {[%clk 1:03:47]} 21. b7
{[%clk 1:10:50]} Kc7 {[%clk 0:55:08]} 22. Rfd1 {[%clk 1:03:47]} Rd8
{[%clk 0:48:21]} 23. Rd4 {[%clk 1:01:59]} e5 {[%clk 0:43:33]} 24. Rd5
{[%clk 0:49:04]} e4 {[%clk 0:31:26]} 25. Bxe4 {[%clk 0:43:02]} Nxb7
{[%clk 0:21:52]} 26. Rc1+ {[%clk 0:30:12]} Kb8 {[%clk 0:19:13]} 27. Rb5
{[%clk 0:30:38]} Rd7 {[%clk 0:19:12]} 28. Kf1 {[%clk 0:30:49]} g6
{[%clk 0:18:38]} 29. g3 {[%clk 0:24:25]} Ka7 {[%clk 0:15:41]} 30. Rc8
{[%clk 0:24:33]} Re7 {[%clk 0:13:13]} 31. Bc6 {[%clk 0:21:15]} Rb6
{[%clk 0:11:36]} 32. Rxa5+ {[%clk 0:21:38]} Ra6 {[%clk 0:11:48]} 33. Ra8+
{[%clk 0:20:49]} Kxa8 {[%clk 0:11:58]} 34. Rxa6+ {[%clk 0:21:17]} Kb8
{[%clk 0:12:17]} 35. Rb6 {[%clk 0:21:46]} Ka7 {[%clk 0:09:26]} 36. Rxb4
{[%clk 0:22:10]} Nc5 {[%clk 0:09:25]} 37. Rd4 {[%clk 0:17:08]} Kb6
{[%clk 0:09:35]} 38. Bf3 {[%clk 0:17:27]} f5 {[%clk 0:06:39]} 39. h4
{[%clk 0:17:18]} Kb5 {[%clk 0:04:07]} 40. Be2+ {[%clk 0:46:02]} Kc6
{[%clk 0:33:30]} 41. b4 {[%clk 0:45:45]} Nd7 {[%clk 0:26:42]} 42. b5+
{[%clk 0:45:25]} Kc7 {[%clk 0:26:01]} 43. Rc4+ {[%clk 0:45:28]} Kb7
{[%clk 0:25:39]} 44. Rc6 {[%clk 0:43:34]} Ne5 {[%clk 0:19:09]} 45. Rd6
{[%clk 0:43:36]} Rc7 {[%clk 0:17:47]} 46. Re6 {[%clk 0:43:52]} Nc4
{[%clk 0:15:30]} 47. Bf3+ {[%clk 0:37:04]} Ka7 {[%clk 0:15:39]} 48. Ra6+ 1-0

[Event "WCO 2016"]
[Site "?"]
[Date "2016.09.13"]
[Round "11"]
[Board "30"]
[WhiteID "3418723"]
[White "Gomez Barrera Javiera Belen"]
[BlackID "4403061"]
[Black "Chirivi C Jenny Astrid"]
[Result "1-0"]
[BlackElo "2209"]
[WhiteElo "2027"]
[LiveChessVersion "1.4.8"]

1. e4 {[%clk 1:30:54]} c5 {[%clk 1:30:52]} 2. Nf3 {[%clk 1:31:14]} a6
{[%clk 1:31:11]} 3. d4 {[%clk 1:31:34]} cxd4 {[%clk 1:31:30]} 4. Nxd4
{[%clk 1:31:58]} Nf6 {[%clk 1:31:43]} 5. Bd3 {[%clk 1:12:03]} e5 {[%clk 1:30:48]}
6. Nb3 {[%clk 1:11:25]} d5 {[%clk 1:28:44]} 7. exd5 {[%clk 1:11:16]} Qxd5
{[%clk 1:22:58]} 8. O-O {[%clk 1:10:10]} Nc6 {[%clk 1:21:13]} 9. Nc3
{[%clk 1:08:29]} Qd8 {[%clk 1:20:30]} 10. Qe2 {[%clk 0:57:47]} Be7
{[%clk 1:15:18]} 11. Bg5 {[%clk 0:54:13]} Bg4 {[%clk 1:08:21]} 12. Qe1
{[%clk 0:49:03]} h6 {[%clk 1:00:20]} 13. Bxf6 {[%clk 0:47:47]} gxf6
{[%clk 0:54:00]} 14. Be4 {[%clk 0:46:42]} Rc8 {[%clk 0:47:01]} 15. Nd5
{[%clk 0:40:44]} f5 {[%clk 0:43:06]} 16. Nxe7 {[%clk 0:38:41]} Qxe7
{[%clk 0:42:36]} 17. f3 {[%clk 0:35:59]} fxe4 {[%clk 0:29:50]} 18. fxg4
{[%clk 0:36:27]} Qb4 {[%clk 0:15:11]} 19. Qf2 {[%clk 0:28:10]} O-O
{[%clk 0:12:30]} 20. c3 {[%clk 0:23:46]} Qd6 {[%clk 0:10:05]} 21. Nc5
{[%clk 0:21:28]} Qg6 {[%clk 0:06:00]} 22. Rae1 {[%clk 0:17:36]} Rfd8
{[%clk 0:04:14]} 23. Nxe4 {[%clk 0:16:57]} Kg7 {[%clk 0:03:52]} 24. Qh4
{[%clk 0:15:41]} Rd7 {[%clk 0:02:34]} 25. Rf6 {[%clk 0:15:07]} Qh7
{[%clk 0:02:56]} 26. Nd6 {[%clk 0:13:49]} Ne7 {[%clk 0:02:48]} 27. Rxf7+
{[%clk 0:13:48]} 1-0

[Event "WCO 2016"]
[Site "?"]
[Date "2016.09.13"]
[Round "11"]
[Board "31"]
[WhiteID "4402472"]
[White "Rivera Ingris"]
[BlackID "3405494"]
[Black "Jorquera Cabello Valentina"]
[Result "1-0"]
[BlackElo "2019"]
[WhiteElo "2201"]
[LiveChessVersion "1.4.8"]

1. d4 {[%clk 1:30:57]} Nf6 {[%clk 1:30:47]} 2. c4 {[%clk 1:31:18]} d6
{[%clk 1:30:23]} 3. Nc3 {[%clk 1:31:34]} g6 {[%clk 1:30:42]} 4. e4
{[%clk 1:31:53]} Bg7 {[%clk 1:31:05]} 5. h3 {[%clk 1:32:11]} O-O {[%clk 1:30:05]}
6. Nf3 {[%clk 1:32:14]} a6 {[%clk 1:24:07]} 7. Bg5 {[%clk 1:32:11]} Nc6
{[%clk 1:21:17]} 8. Be2 {[%clk 1:31:50]} Rb8 {[%clk 1:07:45]} 9. O-O
{[%clk 1:31:29]} h6 {[%clk 1:06:23]} 10. Be3 {[%clk 1:31:26]} e5 {[%clk 1:06:35]}
11. d5 {[%clk 1:30:58]} Ne7 {[%clk 1:06:45]} 12. Nd2 {[%clk 1:29:45]} Nh7
{[%clk 1:05:06]} 13. c5 {[%clk 1:29:11]} f5 {[%clk 1:03:12]} 14. f3
{[%clk 1:28:22]} f4 {[%clk 0:55:44]} 15. Bf2 {[%clk 1:28:45]} b6 {[%clk 0:55:15]}
16. b4 {[%clk 1:28:31]} g5 {[%clk 0:53:41]} 17. Nc4 {[%clk 1:26:43]} h5
{[%clk 0:48:58]} 18. cxd6 {[%clk 1:24:33]} cxd6 {[%clk 0:49:18]} 19. b5
{[%clk 1:24:46]} Rf6 {[%clk 0:46:05]} 20. Rb1 {[%clk 1:23:33]} axb5
{[%clk 0:38:03]} 21. Rxb5 {[%clk 1:20:04]} g4 {[%clk 0:33:30]} 22. Rxb6
{[%clk 1:10:22]} Rxb6 {[%clk 0:33:50]} 23. Bxb6 {[%clk 1:10:46]} Qe8
{[%clk 0:33:51]} 24. fxg4 {[%clk 1:10:51]} hxg4 {[%clk 0:34:04]} 25. Bxg4
{[%clk 1:11:06]} Bxg4 {[%clk 0:25:39]} 26. hxg4 {[%clk 1:08:27]} Rh6
{[%clk 0:17:41]} 27. a4 {[%clk 1:06:34]} Ng5 {[%clk 0:17:32]} 28. a5
{[%clk 1:03:36]} Qg6 {[%clk 0:03:19]} 29. a6 {[%clk 0:59:29]} Nc8
{[%clk 0:03:48]} 30. a7 {[%clk 0:57:29]} Nxa7 {[%clk 0:04:17]} 31. Bxa7
{[%clk 0:57:54]} Qh7 {[%clk 0:03:06]} 32. Nd2 {[%clk 0:52:45]} Bf6
{[%clk 0:00:43]} 33. Bb6 {[%clk 0:51:27]} Nh3+ {[%clk 0:00:32]} 34. gxh3
{[%clk 0:51:34]} Rxh3 {[%clk 0:01:01]} 35. Nf3 {[%clk 0:42:56]} Bh4
{[%clk 0:01:03]} 36. Kg2 {[%clk 0:38:08]} Rg3+ {[%clk 0:00:40]} 37. Kf2
{[%clk 0:38:33]} Rxg4+ {[%clk 0:00:37]} 38. Ke2 {[%clk 0:38:51]} Rg2+
{[%clk 0:00:50]} 39. Kd3 {[%clk 0:38:17]} Qb7 {[%clk 0:00:54]} 40. Qb1
{[%clk 1:06:28]} Bg3 {[%clk 0:30:55]} 41. Qb5 {[%clk 1:05:28]} Qa8
{[%clk 0:22:17]} 42. Qa5 {[%clk 1:04:59]} Qc8 {[%clk 0:21:48]} 43. Bc7
{[%clk 1:02:54]} Bf2 {[%clk 0:13:47]} 44. Bxd6 {[%clk 1:01:31]} Bd4
{[%clk 0:13:31]} 45. Bxe5 {[%clk 1:01:27]} Be3 {[%clk 0:05:02]} 46. Rh1 1-0

[Event "WCO 2016"]
[Site "?"]
[Date "2016.09.13"]
[Round "11"]
[Board "32"]
[WhiteID "3408205"]
[White "Fuentes Inzunza Lesly"]
[BlackID "4402413"]
[Black "Castrillon Gomez Melissa"]
[Result "0-1"]
[BlackElo "2194"]
[WhiteElo "1840"]
[LiveChessVersion "1.4.8"]

1. d4 {[%clk 1:30:57]} Nf6 {[%clk 1:30:50]} 2. Nf3 {[%clk 1:31:19]} g6
{[%clk 1:31:16]} 3. Bf4 {[%clk 1:31:38]} Bg7 {[%clk 1:31:36]} 4. e3
{[%clk 1:32:00]} O-O {[%clk 1:31:57]} 5. Be2 {[%clk 1:32:22]} d6 {[%clk 1:32:06]}
6. O-O {[%clk 1:32:38]} Nh5 {[%clk 1:30:50]} 7. Bg5 {[%clk 1:32:24]} h6
{[%clk 1:29:57]} 8. Bh4 {[%clk 1:32:21]} Qe8 {[%clk 1:30:00]} 9. c4
{[%clk 1:31:23]} e5 {[%clk 1:29:41]} 10. Nc3 {[%clk 1:30:23]} g5 {[%clk 1:17:33]}
11. dxe5 {[%clk 1:22:37]} gxh4 {[%clk 1:11:52]} 12. Nxh4 {[%clk 1:22:35]} Qxe5
{[%clk 1:11:25]} 13. Bxh5 {[%clk 1:22:05]} Bf6 {[%clk 1:11:31]} 14. Bg4
{[%clk 1:18:41]} Be6 {[%clk 0:59:14]} 15. Bxe6 {[%clk 1:14:56]} Qxe6
{[%clk 0:59:18]} 16. Qh5 {[%clk 1:14:07]} Bxc3 {[%clk 0:53:38]} 17. bxc3
{[%clk 1:13:57]} Nc6 {[%clk 0:52:41]} 18. Rfd1 {[%clk 1:09:45]} Kh7
{[%clk 0:49:18]} 19. Nf5 {[%clk 0:54:55]} Rg8 {[%clk 0:46:24]} 20. h4
{[%clk 0:50:18]} Rg6 {[%clk 0:40:55]} 21. Nd4 {[%clk 0:27:34]} Nxd4
{[%clk 0:34:08]} 22. Rxd4 {[%clk 0:26:22]} Rag8 {[%clk 0:33:50]} 23. Qf3
{[%clk 0:19:07]} Kh8 {[%clk 0:28:25]} 24. Rad1 {[%clk 0:15:18]} R8g7
{[%clk 0:28:00]} 25. Kh2 {[%clk 0:12:27]} Rf6 {[%clk 0:24:05]} 26. Qe2
{[%clk 0:11:18]} c5 {[%clk 0:13:17]} 27. Rd5 {[%clk 0:11:36]} Rg4
{[%clk 0:01:20]} 28. g3 {[%clk 0:11:01]} Qe4 {[%clk 0:00:49]} 29. f4
{[%clk 0:07:30]} Rfg6 {[%clk 0:00:36]} 30. Rxd6 {[%clk 0:07:12]} Rxg3
{[%clk 0:00:50]} 31. Rxg6 {[%clk 0:07:08]} Rxg6 {[%clk 0:00:50]} 32. Rg1
{[%clk 0:05:38]} Qe7 {[%clk 0:01:13]} 33. Qf2 {[%clk 0:04:55]} Rd6
{[%clk 0:01:01]} 34. Rg2 {[%clk 0:03:33]} Qe4 {[%clk 0:00:52]} 35. h5
{[%clk 0:02:52]} Qf5 {[%clk 0:00:39]} 36. Qh4 {[%clk 0:02:51]} Rd3
{[%clk 0:00:34]} 37. e4 {[%clk 0:03:01]} Qe6 {[%clk 0:00:41]} 38. a4
{[%clk 0:02:14]} Kh7 {[%clk 0:00:45]} 39. e5 {[%clk 0:00:41]} Rxc3
{[%clk 0:00:40]} 40. Rg3 {[%clk 0:30:37]} Rxg3 {[%clk 0:30:46]} 41. Kxg3
{[%clk 0:25:24]} Qxc4 {[%clk 0:30:43]} 42. Qe7 {[%clk 0:25:00]} Qd3+
{[%clk 0:26:23]} 43. Kg4 {[%clk 0:23:35]} Qd5 {[%clk 0:25:48]} 44. Qd6
{[%clk 0:09:18]} Qe6+ {[%clk 0:20:58]} 45. f5 {[%clk 0:08:11]} Qc4+
{[%clk 0:21:24]} 46. Kg3 {[%clk 0:07:22]} Qb3+ {[%clk 0:21:37]} 47. Kg2
{[%clk 0:05:53]} Qc2+ {[%clk 0:21:29]} 48. Kg3 {[%clk 0:04:40]} Qxf5
{[%clk 0:21:40]} 49. Qxc5 {[%clk 0:04:45]} Qg5+ {[%clk 0:21:47]} 50. Kf2
{[%clk 0:04:57]} Qh4+ {[%clk 0:22:05]} 51. Ke3 {[%clk 0:04:40]} Qxa4
{[%clk 0:22:00]} 52. Qd5 {[%clk 0:04:15]} Qa3+ {[%clk 0:20:59]} 53. Kd2
{[%clk 0:03:18]} Qe7 {[%clk 0:20:50]} 54. Qe4+ {[%clk 0:03:27]} Kg8
{[%clk 0:20:11]} 55. Kc3 {[%clk 0:03:35]} b5 {[%clk 0:19:25]} 56. Qa8+
{[%clk 0:02:49]} Kg7 {[%clk 0:19:46]} 57. Qg2+ {[%clk 0:02:51]} Qg5
{[%clk 0:20:08]} 58. Qe2 {[%clk 0:03:06]} a6 {[%clk 0:19:43]} 59. Kb2
{[%clk 0:02:26]} Qg1 {[%clk 0:15:53]} 60. Ka2 {[%clk 0:01:32]} Qd4
{[%clk 0:15:04]} 61. Qg2+ {[%clk 0:01:30]} Kh8 {[%clk 0:15:20]} 62. Qa8+
{[%clk 0:00:41]} Kh7 {[%clk 0:15:43]} 63. Qe8 {[%clk 0:00:34]} Qd5+
{[%clk 0:15:59]} 64. Kb2 {[%clk 0:00:35]} b4 {[%clk 0:15:56]} 65. Qe7
{[%clk 0:00:45]} a5 {[%clk 0:14:58]} 66. Qf6 {[%clk 0:00:58]} Qd2+
{[%clk 0:12:52]} 67. Kb3 {[%clk 0:00:45]} Qd1+ {[%clk 0:13:17]} 68. Kc4
{[%clk 0:00:43]} Qxh5 {[%clk 0:13:38]} 69. Kb5 {[%clk 0:00:34]} b3
{[%clk 0:13:42]} 70. Ka4 {[%clk 0:00:34]} b2 {[%clk 0:13:53]} 71. Qf1
{[%clk 0:01:01]} Qg6 {[%clk 0:13:59]} 0-1

[Event "WCO 2016"]
[Site "?"]
[Date "2016.09.13"]
[Round "11"]
[Board "1"]
[WhiteID "8600643"]
[White "Li Ruofan"]
[BlackID "405094"]
[Black "Houska Jovanka"]
[Result "1/2-1/2"]
[BlackElo "2386"]
[WhiteElo "2353"]
[LiveChessVersion "1.4.8"]

1. d4 {[%clk 1:30:58]} d5 {[%clk 1:30:48]} 2. c4 {[%clk 1:31:23]} e6
{[%clk 1:31:10]} 3. Nc3 {[%clk 1:31:48]} Nf6 {[%clk 1:31:25]} 4. Bg5
{[%clk 1:32:09]} Nbd7 {[%clk 1:31:12]} 5. Nf3 {[%clk 1:32:11]} Be7
{[%clk 1:29:52]} 6. e3 {[%clk 1:32:29]} h6 {[%clk 1:29:13]} 7. Bh4
{[%clk 1:32:48]} O-O {[%clk 1:29:31]} 8. Rc1 {[%clk 1:31:17]} c5 {[%clk 1:29:53]}
9. dxc5 {[%clk 1:17:53]} dxc4 {[%clk 1:29:59]} 10. Bxc4 {[%clk 1:15:37]} Nxc5
{[%clk 1:30:19]} 11. O-O {[%clk 1:12:53]} a6 {[%clk 1:25:57]} 12. Ne5
{[%clk 0:54:34]} Nfd7 {[%clk 1:11:29]} 13. Bxe7 {[%clk 0:49:51]} Qxe7
{[%clk 1:11:51]} 14. Qd4 {[%clk 0:50:12]} Nxe5 {[%clk 0:44:49]} 15. Qxe5
{[%clk 0:50:37]} b5 {[%clk 0:44:19]} 16. Be2 {[%clk 0:41:46]} Bb7
{[%clk 0:42:55]} 17. Nxb5 {[%clk 0:41:03]} Nd7 {[%clk 0:30:45]} 18. Qc7
{[%clk 0:31:01]} Bxg2 {[%clk 0:28:57]} 19. Kxg2 {[%clk 0:31:25]} axb5
{[%clk 0:29:24]} 20. Rfd1 {[%clk 0:26:38]} Qg5+ {[%clk 0:29:32]} 21. Qg3
{[%clk 0:26:39]} Nf6 {[%clk 0:28:30]} 22. Qxg5 {[%clk 0:26:47]} hxg5
{[%clk 0:28:56]} 23. a3 {[%clk 0:26:47]} Rfb8 {[%clk 0:29:22]} 24. Bf3
{[%clk 0:26:31]} Ra4 {[%clk 0:27:50]} 25. Rc5 {[%clk 0:19:27]} Rc4
{[%clk 0:20:29]} 26. Rxc4 {[%clk 0:16:58]} bxc4 {[%clk 0:20:55]} 27. Rc1
{[%clk 0:17:24]} Rxb2 {[%clk 0:20:00]} 28. Rxc4 {[%clk 0:17:52]} Ra2
{[%clk 0:20:04]} 29. a4 {[%clk 0:18:12]} Nd5 {[%clk 0:15:18]} 30. Rc8+
{[%clk 0:16:40]} Kh7 {[%clk 0:15:44]} 31. Bxd5 {[%clk 0:16:55]} exd5
{[%clk 0:16:08]} 32. Ra8 {[%clk 0:17:22]} f6 {[%clk 0:15:44]} 33. a5
{[%clk 0:17:08]} Kg6 {[%clk 0:15:41]} 34. a6 {[%clk 0:17:34]} Ra1
{[%clk 0:15:41]} 35. a7 {[%clk 0:17:42]} Kh7 {[%clk 0:15:44]} 36. Kf3
{[%clk 0:16:38]} Ra2 {[%clk 0:15:53]} 37. Kg4 {[%clk 0:16:13]} Kg6
{[%clk 0:16:07]} 38. h3 {[%clk 0:16:04]} Ra4+ {[%clk 0:16:31]} 39. Kg3
{[%clk 0:15:57]} Ra3 {[%clk 0:16:12]} 40. Kg2 {[%clk 0:40:58]} Ra1
{[%clk 0:46:34]} 41. Kf3 {[%clk 0:41:22]} Ra2 {[%clk 0:45:29]} 42. Kg2
{[%clk 0:38:43]} Ra1 {[%clk 0:45:01]} 43. f3 {[%clk 0:39:07]} Ra2+
{[%clk 0:43:46]} 44. Kf1 {[%clk 0:37:33]} Kf7 {[%clk 0:35:17]} 45. Ke1
{[%clk 0:37:55]} Kg6 {[%clk 0:28:57]} 46. Kd1 {[%clk 0:38:21]} Kf7
{[%clk 0:24:19]} 47. Kc1 {[%clk 0:38:43]} Kg6 {[%clk 0:16:44]} 48. Kb1
{[%clk 0:39:08]} Ra6 {[%clk 0:16:56]} 49. Kb2 {[%clk 0:39:31]} Kf7
{[%clk 0:17:08]} 50. Kb3 {[%clk 0:39:57]} Ra1 {[%clk 0:17:29]} 51. Kb4
{[%clk 0:40:19]} Rb1+ {[%clk 0:16:11]} 52. Kc5 {[%clk 0:40:44]} Rc1+
{[%clk 0:15:49]} 53. Kxd5 {[%clk 0:39:43]} Ra1 {[%clk 0:16:00]} 54. f4
{[%clk 0:35:42]} gxf4 {[%clk 0:14:01]} 55. exf4 {[%clk 0:35:29]} Kg6
{[%clk 0:13:03]} 56. Ke6 {[%clk 0:29:13]} Ra6+ {[%clk 0:10:40]} 57. Ke7
{[%clk 0:29:38]} Kf5 {[%clk 0:07:32]} 58. Kf7 {[%clk 0:29:58]} g6
{[%clk 0:07:41]} 59. h4 {[%clk 0:03:42]} Ra1 {[%clk 0:07:54]} 60. Kg7
{[%clk 0:03:50]} Ra6 {[%clk 0:07:48]} 61. Kh6 {[%clk 0:03:14]} Ra4
{[%clk 0:07:43]} 62. Rb8 {[%clk 0:02:09]} Rxa7 {[%clk 0:08:10]} 63. Rb5+
{[%clk 0:02:32]} Kxf4 {[%clk 0:08:15]} 64. Kxg6 {[%clk 0:02:58]} f5
{[%clk 0:06:19]} 65. Rb4+ {[%clk 0:01:39]} Ke5 {[%clk 0:06:44]} 66. h5
{[%clk 0:01:31]} f4 {[%clk 0:06:59]} 67. h6 {[%clk 0:01:23]} f3 {[%clk 0:07:15]}
68. h7 {[%clk 0:01:37]} Rxh7 {[%clk 0:04:52]} 69. Kxh7 {[%clk 0:02:02]} f2
{[%clk 0:05:20]} 70. Rb1 {[%clk 0:02:13]} Kf4 {[%clk 0:05:35]} 71. Kg6
{[%clk 0:02:35]} Ke3 {[%clk 0:06:02]} 1/2-1/2

[Event "WCO 2016"]
[Site "?"]
[Date "2016.09.13"]
[Round "11"]
[Board "2"]
[WhiteID "12800619"]
[White "Ciuksyte Dagne"]
[BlackID "8602425"]
[Black "Gong Qianyun"]
[Result "1/2-1/2"]
[BlackElo "2262"]
[WhiteElo "2323"]
[LiveChessVersion "1.4.8"]

1. e4 {[%clk 1:30:56]} e6 {[%clk 1:30:52]} 2. d4 {[%clk 1:31:22]} d5
{[%clk 1:31:19]} 3. Nd2 {[%clk 1:31:48]} c5 {[%clk 1:31:45]} 4. exd5
{[%clk 1:29:07]} exd5 {[%clk 1:32:08]} 5. Ngf3 {[%clk 1:28:18]} Nc6
{[%clk 1:32:29]} 6. Bb5 {[%clk 1:28:18]} Qe7+ {[%clk 1:32:48]} 7. Be2
{[%clk 1:24:39]} Nf6 {[%clk 1:33:06]} 8. O-O {[%clk 1:24:53]} Qc7
{[%clk 1:33:31]} 9. Re1 {[%clk 1:21:59]} cxd4 {[%clk 1:33:51]} 10. Nb3
{[%clk 1:13:57]} Bb4 {[%clk 1:34:07]} 11. Bd2 {[%clk 1:14:22]} Bxd2
{[%clk 1:34:33]} 12. Qxd2 {[%clk 1:14:46]} O-O {[%clk 1:34:58]} 13. Nfxd4
{[%clk 1:00:54]} Bd7 {[%clk 1:32:01]} 14. Nxc6 {[%clk 0:50:22]} Bxc6
{[%clk 1:29:32]} 15. c3 {[%clk 0:44:39]} Ne4 {[%clk 1:24:10]} 16. Qd4
{[%clk 0:43:17]} a5 {[%clk 1:18:54]} 17. Rad1 {[%clk 0:42:55]} h6
{[%clk 1:18:03]} 18. Bd3 {[%clk 0:38:35]} Rfe8 {[%clk 1:07:08]} 19. Bc2
{[%clk 0:34:26]} Nf6 {[%clk 0:55:06]} 20. Nd2 {[%clk 0:29:59]} Bb5
{[%clk 0:39:29]} 21. Bb3 {[%clk 0:23:05]} Be2 {[%clk 0:26:49]} 22. Rc1
{[%clk 0:23:28]} Rad8 {[%clk 0:27:08]} 23. Bd1 {[%clk 0:17:17]} Bc4
{[%clk 0:23:40]} 24. Bf3 {[%clk 0:16:38]} Rxe1+ {[%clk 0:18:17]} 25. Rxe1
{[%clk 0:17:04]} Bxa2 {[%clk 0:18:41]} 26. Rd1 {[%clk 0:14:34]} Rc8
{[%clk 0:11:26]} 27. Qa4 {[%clk 0:14:36]} Bc4 {[%clk 0:11:51]} 28. Nxc4
{[%clk 0:14:58]} dxc4 {[%clk 0:11:58]} 29. Qb5 {[%clk 0:11:25]} b6
{[%clk 0:12:18]} 30. Rd4 {[%clk 0:11:42]} Qc5 {[%clk 0:12:15]} 31. Qa6
{[%clk 0:11:59]} Kh7 {[%clk 0:05:38]} 32. g3 {[%clk 0:10:05]} Rc7
{[%clk 0:02:05]} 33. Be2 {[%clk 0:08:31]} b5 {[%clk 0:02:23]} 34. Qxa5
{[%clk 0:08:34]} Ra7 {[%clk 0:02:18]} 35. Qd8 {[%clk 0:08:55]} Qe5
{[%clk 0:02:45]} 36. Bf3 {[%clk 0:07:26]} Ra2 {[%clk 0:02:18]} 37. Rd2
{[%clk 0:05:32]} b4 {[%clk 0:02:14]} 38. Re2 {[%clk 0:04:05]} Qf5
{[%clk 0:02:17]} 39. Kg2 {[%clk 0:04:31]} bxc3 {[%clk 0:02:25]} 40. bxc3
{[%clk 0:34:55]} Rxe2 {[%clk 0:32:16]} 41. Bxe2 {[%clk 0:32:46]} Nd5
{[%clk 0:21:39]} 42. Qe8 {[%clk 0:28:56]} Nxc3 {[%clk 0:18:16]} 43. Bxc4
{[%clk 0:28:51]} Nd5 {[%clk 0:17:39]} 44. h3 {[%clk 0:21:40]} Nc7
{[%clk 0:09:50]} 45. Qxf7 {[%clk 0:18:46]} Qxf7 {[%clk 0:10:14]} 46. Bxf7
{[%clk 0:19:12]} g5 {[%clk 0:10:09]} 47. Kf3 {[%clk 0:18:56]} Kg7
{[%clk 0:10:36]} 48. Bc4 {[%clk 0:19:06]} Kf6 {[%clk 0:10:57]} 49. Ke4
{[%clk 0:16:27]} Ne8 {[%clk 0:09:37]} 50. Be2 {[%clk 0:13:29]} Nd6+
{[%clk 0:09:10]} 51. Kd5 {[%clk 0:13:26]} Nf5 {[%clk 0:07:31]} 52. Bd3
{[%clk 0:11:16]} Ne7+ {[%clk 0:07:45]} 53. Kd6 {[%clk 0:11:27]} Nc8+
{[%clk 0:06:44]} 54. Kd7 {[%clk 0:09:34]} Nb6+ {[%clk 0:05:56]} 55. Ke8
{[%clk 0:09:48]} h5 {[%clk 0:05:46]} 56. h4 {[%clk 0:04:25]} gxh4
{[%clk 0:05:51]} 57. gxh4 {[%clk 0:04:51]} Nd5 {[%clk 0:06:14]} 58. Be2
{[%clk 0:00:46]} Nf4 {[%clk 0:06:38]} 1/2-1/2

[Event "WCO 2016"]
[Site "?"]
[Date "2016.09.13"]
[Round "11"]
[Board "3"]
[WhiteID "5806453"]
[White "Tin Ruiqi"]
[BlackID "422894"]
[Black "Kalaiyalahan Akshaya"]
[Result "1/2-1/2"]
[BlackElo "2017"]
[WhiteElo "1892"]
[LiveChessVersion "1.4.8"]

1. e4 {[%clk 1:30:57]} c5 {[%clk 1:30:55]} 2. Nf3 {[%clk 1:31:23]} e6
{[%clk 1:31:19]} 3. c3 {[%clk 1:31:49]} Nf6 {[%clk 1:31:43]} 4. e5
{[%clk 1:32:13]} Nd5 {[%clk 1:32:09]} 5. d4 {[%clk 1:32:36]} cxd4
{[%clk 1:32:32]} 6. cxd4 {[%clk 1:33:01]} d6 {[%clk 1:32:52]} 7. Bd3
{[%clk 1:32:48]} dxe5 {[%clk 1:31:57]} 8. dxe5 {[%clk 1:32:49]} Nb4
{[%clk 1:29:25]} 9. Be4 {[%clk 1:20:04]} Qxd1+ {[%clk 1:26:08]} 10. Kxd1
{[%clk 1:20:27]} Nd7 {[%clk 1:24:50]} 11. Nc3 {[%clk 1:13:25]} Nc5
{[%clk 1:23:13]} 12. Be3 {[%clk 1:06:52]} Nxe4 {[%clk 1:22:17]} 13. Nxe4
{[%clk 1:07:15]} Bd7 {[%clk 1:19:57]} 14. Nc3 {[%clk 0:57:41]} Bc6
{[%clk 1:13:47]} 15. Ke2 {[%clk 0:55:40]} Nc2 {[%clk 1:12:09]} 16. Rac1
{[%clk 0:54:08]} Nxe3 {[%clk 1:12:25]} 17. Kxe3 {[%clk 0:54:29]} Bc5+
{[%clk 1:11:46]} 18. Ke2 {[%clk 0:54:34]} O-O {[%clk 1:07:38]} 19. Rhd1
{[%clk 0:46:52]} Rac8 {[%clk 1:00:15]} 20. Ne1 {[%clk 0:40:14]} b5
{[%clk 0:56:11]} 21. Nd3 {[%clk 0:33:18]} Be7 {[%clk 0:52:28]} 22. b4
{[%clk 0:30:40]} a5 {[%clk 0:44:41]} 23. a3 {[%clk 0:28:03]} f6 {[%clk 0:37:19]}
24. g3 {[%clk 0:21:05]} axb4 {[%clk 0:23:52]} 25. axb4 {[%clk 0:21:26]} g5
{[%clk 0:21:02]} 26. f3 {[%clk 0:14:31]} h5 {[%clk 0:16:59]} 27. h3
{[%clk 0:11:33]} Ra8 {[%clk 0:02:19]} 28. Ra1 {[%clk 0:06:06]} Rac8
{[%clk 0:00:50]} 29. Rdc1 {[%clk 0:03:14]} fxe5 {[%clk 0:00:41]} 30. Nxe5
{[%clk 0:02:49]} Be8 {[%clk 0:00:41]} 31. Ne4 {[%clk 0:01:37]} Rxc1
{[%clk 0:01:02]} 32. Rxc1 {[%clk 0:02:03]} Bxb4 {[%clk 0:01:15]} 33. Nxg5
{[%clk 0:01:36]} Bd6 {[%clk 0:01:21]} 34. f4 {[%clk 0:01:14]} Bxe5
{[%clk 0:01:14]} 35. fxe5 {[%clk 0:01:39]} Rf5 {[%clk 0:01:28]} 36. Nf3
{[%clk 0:01:55]} b4 {[%clk 0:01:07]} 37. Rb1 {[%clk 0:01:01]} Bc6
{[%clk 0:00:59]} 38. Nd4 {[%clk 0:00:53]} Rxe5+ {[%clk 0:01:25]} 39. Kf2
{[%clk 0:00:54]} Bd5 {[%clk 0:00:50]} 40. Rxb4 {[%clk 0:31:05]} Re4
{[%clk 0:30:53]} 41. Nc2 {[%clk 0:28:21]} Re5 {[%clk 0:31:04]} 42. Ne3
{[%clk 0:25:14]} Kf7 {[%clk 0:30:01]} 1/2-1/2